| 000 | 01266nac a22002771u 4500 | ||
|---|---|---|---|
| 010 | _a 2001017619 | ||
| 020 | _a1856499405 (cased) | ||
| 020 | _a1856499413 (limp) | ||
| 082 | 0 | 0 |
_a338.91091724 _bMAC |
| 090 |
_c5973 _d5973 |
||
| 100 | _aMacrae, Joanna, | ||
| 245 | 1 | 0 |
_aAiding recovery? : _bthe crisis of aid in chronic political emergencies / _cJoanna Macrae. |
| 246 | 3 | 0 | _aCrisis of aid in chronic political emergencies |
| 260 |
_aLondon ; _aNew York : _bZed Books,c.2001. _cc.2001. |
||
| 300 |
_axiv, 191 p. : _bill. ; _c22 cm. |
||
| 500 | _a"In association with ODI, Overseas Development Institute, London." | ||
| 500 | _aDistributer: Al-Ahram. | ||
| 504 | _aIncludes bibliographical references and index. | ||
| 511 | _aCatalogued By: Mahitab. | ||
| 650 | 0 |
_aEconomic assistance _zDeveloping countries _vCase studies. |
|
| 650 | 0 |
_aPublic health _zDeveloping countries _vCase studies. |
|
| 856 | 4 | 2 |
_3Contributor biographical information _uhttp://www.loc.gov/catdir/bios/hol059/2001017619.html |
| 856 | 4 | 2 |
_3Publisher description _uhttp://www.loc.gov/catdir/description/hol051/2001017619.html |
| 856 | 4 | 2 |
_3Table of contents _uhttp://www.loc.gov/catdir/toc/hol051/2001017619.html |
| 942 |
_cBB _k338.91091724MAC |
||
| 999 |
_c5973 _d5973 |
||